Fighting without ceasing / (Record no. 2064)

MARC details
000 -LEADER
fixed length control field 01028cam a2200325 a 4500
001 - CONTROL NUMBER
control field 14152841
003 - CONTROL NUMBER IDENTIFIER
control field OSt
005 - DATE AND TIME OF LATEST TRANSACTION
control field 20230621104147.0
008 - FIXED-LENGTH DATA ELEMENTS--GENERAL INFORMATION
fixed length control field 051025s2005 ke a 000 0aeng
010 ## - LIBRARY OF CONGRESS CONTROL NUMBER
LC control number 2005326820
020 ## - INTERNATIONAL STANDARD BOOK NUMBER
International Standard Book Number 9966967265
Canceled/invalid ISBN 9966997265
040 ## - CATALOGING SOURCE
Original cataloging agency DLC
Transcribing agency DLC
042 ## - AUTHENTICATION CODE
Authentication code lcode
043 ## - GEOGRAPHIC AREA CODE
Geographic area code f-ke---
050 00 - LIBRARY OF CONGRESS CALL NUMBER
Classification number DT433.582.L55
Item number A3 2005
082 ## - DEWEY DECIMAL CLASSIFICATION NUMBER
Classification number 970.72
Item number MUTH
100 1# - MAIN ENTRY--PERSONAL NAME
Personal name Likimani, Muthoni G.
245 10 - TITLE STATEMENT
Title Fighting without ceasing /
Statement of responsibility, etc. Muthoni Likimani.
260 ## - PUBLICATION, DISTRIBUTION, ETC. (IMPRINT)
Place of publication, distribution, etc. Nairobi :
Name of publisher, distributor, etc. Noni's Publicity,
Date of publication, distribution, etc. 2005.
300 ## - PHYSICAL DESCRIPTION
Extent xviii, 339 p., 22 p. of plates :
Other physical details ill. (some col.) ;
Dimensions 25 cm.
600 10 - SUBJECT ADDED ENTRY--PERSONAL NAME
Personal name Likimani, Muthoni G.
650 #0 - SUBJECT ADDED ENTRY--TOPICAL TERM
Topical term or geographic name as entry element Civic leaders
Geographic subdivision Kenya
Form subdivision Biography.
650 #0 - SUBJECT ADDED ENTRY--TOPICAL TERM
Topical term or geographic name as entry element Women civic leaders
Geographic subdivision Kenya
-- Biography.
650 #0 - SUBJECT ADDED ENTRY--TOPICAL TERM
Topical term or geographic name as entry element Women
Geographic subdivision Kenya
General subdivision Social conditions.
651 #0 - SUBJECT ADDED ENTRY--GEOGRAPHIC NAME
Geographic name Kenya
General subdivision Social conditions.
651 #0 - SUBJECT ADDED ENTRY--GEOGRAPHIC NAME
Geographic name Kenya
Form subdivision Biography.
906 ## - LOCAL DATA ELEMENT F, LDF (RLIN)
a 7
b cbc
c origode
d 2
e ncip
f 20
g y-gencatlg
942 ## - ADDED ENTRY ELEMENTS (KOHA)
Source of classification or shelving scheme Dewey Decimal Classification
Koha item type Books

No items available.

LIBRARY OPENING HOURS

When the Parliament is sitting: 8.00a.m - 7.00p.m or until the house adjourns
Mondays and Fridays and when the House is on Recess:  8.00a.m - 5.00p.m
Closed on Weekends and Public Holidays

Online Public Access Catalog (OPAC)
Website: http://www.parliament.go.ke
Bunge Library: https://libraryir.parliament.go.ke
Contact: library@parliament.go.ke | Tel no: (254-2)2221291 or 2848000 Ext 5043